00268nam a2200109Ia 4500008004100000100002700041245003300068260002500101300000800126942000700134999001700141190216s9999||||xx |||||||||||||| ||und|| aBhagavathy Lal Vyas Dr 0aHindi- Khule Pamkam Ka Akash bAdarsh Pusthakc2000 a176 cBK c16951d16951